Gunnar Mickwitz nella storiografia Europea tra le due guerre

Сохранить в:
Библиографические подробности
Главный автор: Kajava, Mika (Автор)
Формат:
Язык:итальянский
Опубликовано: Roma Instituti Romani Finlandiae 2007
Серии:Acta Instituti Romani Finlandiae, 34
Предметы:
Метки: Добавить метку
Нет меток, Требуется 1-ая метка записи!

MARC

LEADER 00000nam a2200000 a 4500
001 UCI3397
003 CL-VaPUC
005 20210520001803.0
008 071026e20070000it 1 ita d
020 |a 9788871403207 
082 0 4 |a 907.2  |b KAJ  |2 21 
100 1 |a Kajava, Mika  |e author  |9 621076 
245 1 0 |a Gunnar Mickwitz nella storiografia Europea tra le due guerre 
260 |a Roma  |b Instituti Romani Finlandiae  |c 2007 
300 |a 174 p 
490 0 |a Acta Instituti Romani Finlandiae, 34 
583 |a last modification  |c 20190828 09:54:44  |k Rodrigo Vera 
650 0 0 |a Historiografía   |9 257871 
942 |c BK 
945 |a jtorresc  |d 20071026 00:00:00 
546 |a En Italiano 
536 |a Instituti Romani Finlandiae 
518 |p Colloquio all Institutum Romanum Finlandiae, 1, Roma, 6-7 Giugno 2005 
999 |c 384296  |d 384294 
952 |0 0  |1 0  |4 0  |6 907_200000000000000_KAJ_2007  |7 0  |8 A  |9 506941  |a BIBHIS  |b BIBHIS  |d 2020-01-23  |i 4383028  |o 907.2 KAJ 2007  |p 4383028  |r 2025-01-20  |w 2020-01-23  |y BK  |k HIS